[Event "South Carolina op"]
[Site "Greenville"]
[Date "2006.06.25"]
[Round "4"]
[White "Barber, Christopher"]
[Black "Spencer, David"]
[Result "1-0"]
[WhiteElo "965"]
[BlackElo "1028"]
[PlyCount "121"]
[EventDate "2006.06.23"]
[EventType "swiss"]
[EventRounds "5"]
[EventCountry "USA"]
[SourceTitle "CBM 112 Extra"]
[Source "ChessBase"]
[SourceDate "2006.07.14"]
[SourceVersion "1"]
[SourceVersionDate "2006.07.14"]
[SourceQuality "1"]

1. e4 e5 2. Nf3 Nc6 3. Bb5 a6 4. Ba4 Nf6 5. 0-0 Bc5 6. Re1 b5 7. Bb3 d6 8. h3 0-0 9. c3 Be6 10. d4 Bxb3 11. axb3 exd4 12. cxd4 Bb4 13. Bd2 Bxd2 14. Nbxd2 Re8 15. e5 dxe5 16. dxe5 Nd7 17. Nf1 Qe7 18. Qd5 Nb4 19. Qd2 Rad8 20. Rad1 h6 21. Qc3 Nb6 22. Ne3 N6d5 23. Nxd5 Nxd5 24. Qa5 Nb4 25. Rxd8 Rxd8 26. Qa3 c5 27. Qa5 Qe6 28. Qxd8+ Kh7 29. Qd1 Kg8 30. Qd8+ Kh7 31. Nd2 f6 32. Qd6 Qf5 33. Nf3 Nd3 34. Re2 Nc1 35. Re3 fxe5 36. Rxe5 Qb1 37. Kh2 Qxb2 38. Qxa6 Nd3 39. Re3 Nf4 40. Kg3 Ne2+ 41. Kh2 Nf4 42. Kg1 Qb1+ 43. Ne1 Nd3 44. Qe6 Nb4 45. Qe4+ Qxe4 46. Rxe4 Kg6 47. Re5 c4 48. Rxb5 c3 49. Rxb4 Kf5 50. Rc4 g5 51. Rxc3 g4 52. hxg4+ Kf4 53. b4 h5 54. gxh5 Ke5 55. b5 Kd4 56. Rc2 Ke5 57. b6 Kd6 58. b7 Kd7 59. b8Q Ke7 60. Rc6 Kd7 61. Qb7+ 1-0

[Event "CAN-ch op"]
[Site "Sackville"]
[Date "2001.07.15"]
[Round "10"]
[White "Spencer, David"]
[Black "Carayanniotis, Jason"]
[Result "0-1"]
[WhiteElo "1546"]
[BlackElo "1454"]
[PlyCount "60"]
[EventDate "2001.07.??"]
[EventType "swiss"]
[EventRounds "10"]
[EventCountry "CAN"]
[SourceTitle "EXT 2006"]
[Source "ChessBase"]
[SourceDate "2005.11.24"]
[SourceVersion "1"]
[SourceVersionDate "2005.11.24"]
[SourceQuality "1"]

1. e4 d5 2. exd5 Qxd5 3. d4 Bf5 4. Nf3 Qe4+ 5. Kd2 g6 6. Bd3 Bh6+ 7. Kc3 Qc6+ 8. Bc4 b5 9. Ne5 Qb7 10. Bxb5+ Qxb5 11. Bxh6 Nxh6 12. Qf3 a5 13. Kd2 Ra6 14. Nc3 Qb6 15. Nd5 Qxd4+ 16. Nd3 Rc6 17. Rhe1 Be6 18. Nc3 Bg4 19. Qg3 Nf5 20. Qe5 Qxe5 21. Rxe5 Nh6 22. Rxa5 0-0 23. Ne5 Rd6+ 24. Ke1 Re6 25. Kf1 Nc6 26. Nxc6 Rxc6 27. Re1 Rd8 28. Rxe7 Be6 29. Ra7 Rc8 30. Nb5 Bc4+ 0-1